000 00656nam a2200193Ia 4500
003 OSt
005 20240524161533.0
008 210210b1992 xxu||||| |||| 00| 0 eng d
040 _cAL
041 _aKannada
082 _aK494.17 NAGA
100 _aNAGAYYA (J M).
_dನಾಗಯ್ಯ (ಜೆ ಎಂ)
_9167602
245 _aAraneya Vikramadityana shasanagalu: Ondu adhyayana
_b ಆರನೆಯ ವಿಕ್ರಮಾದಿತ್ಯನ ಶಾಸನಗಳು: ಒಂದು ಅಧ್ಯಯನ
260 _aBelagavi.
_bVeerashaiva adhyayana Akademi.,
_c1992
300 _axx,441
690 _aKannada Language
_9167603
906 _a048814
942 _2ddc
_cBK
999 _c97665
_d97665